| 000 | 01361nam a2200217Ia 4500 | ||
|---|---|---|---|
| 003 | Ost | ||
| 005 | 20260507075444.0 | ||
| 008 | 260507s9999||||xx |||||||||||||| ||und|| | ||
| 040 | _cfsecg | ||
| 041 | _aara | ||
| 082 | _a657 | ||
| 100 |
_aالفضل، مؤيد عبد الحسين _eمؤلف |
||
| 245 | 0 |
_aبحوث عمليات محاسبية : _bمدخل اسلوبي وموضوعي / _c مؤيد عبد الحسين الفضل |
|
| 260 |
_aعمان: _bاثرللنشر, _c2008 |
||
| 300 |
_a416 صفحة؛ _bإيضاحات ؛ _c25 سم |
||
| 504 | _aببليوغرافيا: ص.413-414 | ||
| 520 | _aمفاهيم عامة في المحاسبة وبحوث العمليات، البرمجة الخطية، صياغة النموذج وطرق الحل، البرمجة الخطية في تحليل حسابات الانتاج والموقف المالي للمنظمة، نظرية القرار في تحليل المنافع والتكاليف، تحليل الخسارة والربح في نظرية الالعاب، تحليل الوقت والكلفة في ادارة المشاريع، تحليل الحجم والكلفة في السيطرة على الحزين، تحليل المنفعة والكلفة لاستبدال الموجودات الثابثة | ||
| 653 | _aالبرمجة الخطية | ||
| 653 | _aالمحاسبة | ||
| 942 | _cكتاب | ||
| 999 |
_c44573 _d44573 |
||